The Waite Group's using PC DOS : a hands-on user-friendly reference

Saved in:
Bibliographic Details
Corporate Author: Waite Group
Other Authors: Abell, Peter
Format: Book
Language:English
Published: Indianapolis, Ind. : H.W. Sams, c1989
Tags: Add Tag
No Tags, Be the first to tag this record!

MARC

LEADER 00000cam a2200000 i 4500
001 1/50907
008 950820s1989 eng d
020 |a 0672226790  |c $26.95 
035 |l 10027083 
040 |a GR-MY-UA  |b gre  |e aacr 
041 0 |a eng 
082 0 |a 005.4469  |2 (20) 
245 1 4 |a The Waite Group's using PC DOS :  |b a hands-on user-friendly reference /  |c Peter Abell ... [et al.] 
260 |a Indianapolis, Ind. :   |b H.W. Sams,   |c c1989 
300 |a xxx, 764 p.;  |b ill. (some col.);  |c 25 cm 
700 1 |a Abell, Peter. 
710 2 |a Waite Group. 
852 |a INST  |b CHIOS  |e 19950820  |h 005.4469 WAI  |p 005200001153  |q 005200001153  |t BK  |y 0 
909 |a Χ  |b 016901